| 000 | 01006nam a22003017a 4500 | ||
|---|---|---|---|
| 003 | CHAP | ||
| 005 | 20220329140826.0 | ||
| 008 | 971013s1981 enk r 00010 eng d | ||
| 010 | _a58192 | ||
| 011 | _a59164 | ||
| 035 | _a63321 | ||
| 040 | _cCHAP | ||
| 082 | 0 | 4 |
_a631.584 _bS8 |
| 100 | 0 | 0 |
_aStonehouse, Bernard. _9109899 |
| 245 | 1 |
_aBiological husbandry _b: a scientific approach to organic farming |
|
| 260 |
_aLandon : _bButterworth, _c1981 |
||
| 300 | _a352 p. | ||
| 590 |
_aBATCH-UPD _b10 _c20130110 _lUCH01 _h0817 |
||
| 590 |
_aBATCH-UPD _b10 _c20130410 _lUCH01 _h0455 |
||
| 590 |
_aBATCH-UPD _b10 _c20130913 _lUCH01 _h2229 |
||
| 590 |
_aCONVERSION _b10 _c20130109 _lUCH01 _h1331 |
||
| 650 | 1 | 4 |
_aAgricultura orgánica. _92005 |
| 901 | _aBK | ||
| 942 | _cLIBRO | ||
| 949 |
_a631.584 S8 _bBC _cLIBRO _d33724000160735 _eLIBRO _fc.3 _h66701 _i63321 _si |
||
| 949 |
_a631.584 S8 _bBC _cLIBRO _d33724000160743 _eLIBRO _fc.2 _h66700 _i63321 _si |
||
| 949 |
_a631.584 S8 _bBC _cLIBRO _d33724000160750 _eLIBRO _h60113 _i63321 _si |
||
| 999 |
_c58192 _d58192 |
||